000 02186nab a2200277 i 4500
003 BR-BrBNA
005 20241024202540.0
008 241024b2007 bl.qr|pooa||| 00| 0 por |
040 _aBR-BrBNA
_bpor
072 _aF70
100 _aRibeiro, Robson Daumas
100 _aLima, Haroldo Cavalcante de
245 _aTaxonomia de Machaerium incorruptibile (Vell.) Benth. e espécies afins (Leguminosae - Papilionoideae) na Mata Atlântica
500 _aPublicação on-line; 24 ref.; 6 illus.; 5 illus.; Summaries (En, Pt)
520 _a Resumo (Taxonomia de Machaerium incorruptibile (Vell.) Benth. e espécies afins (Leguminosae - Papilionoideae) na Mata Atlântica) As espécies M. incorruptibile, M. fluminense, M. fulvovenosum, M. firmum e M. legale são descritas e ilustradas. Os caracteres taxonômicos mais relevantes para a delimitação específica, bem como habitat e distribuição geográfica são discutidos. São também apresentados novos dados sobre o hábito e as características da flor de M. fluminense. Palavras-chave: Taxonomia, morfologia, Leguminosae, Machaerium, mata atlântica.
520 _a Abstract (Taxonomy of Machaerium incorruptibile (Vell.) Benth. and allied species (Leguminosae - Papilionoideae) in the Atlantic Forest) The species M. incorruptibile, M. fluminense, M. fulvovenosum, M. firmum and M. legale are described and illustrated. The most relevant characters for species delimitation as well as the preferred habitat and the geographic distribuition are discussed. New data concerning the habit and floral traits of M. fluminense are also presented. Key words: Taxonomy, morphology, Leguminosae, Machaerium,atlantic forest.
650 _aTAXONOMIA
650 _aMORFOLOGIA VEGETAL
650 _aLEGUMINOSAE
650 _aMADEIRA NOVA
650 _aMATA ATLÂNTICA
773 0 _0709
_9345670
_dRio de Janeiro-RJ Jardim Botanico do Rio de Janeiro 1935
_o2024-6302
_tRodriguésia (Brazil)
_x0370-6583; 2175-7860 on-line
_gv. 58(1) p. 017-025; (2007)
_wBR2024003205
856 _uhttps://www.scielo.br/j/rod/a/zC43KhKH9pBzncNJgrtLZKD/?format=pdf&lang=pt
942 _cANA
999 _c328280
_d328280